000 01295nam a2200325 a 4500
003 BLK
005 20240612140627.0
007 ta
008 221104b bu |||||r|||| 00| | bu d
020 _a9786059895026
040 _aBLK
041 _aENG
_cENG
080 _9230035
_aГраждански контрол. Омбудсман. Контрол за общественото управление. Контрол от страна на самата администрация, от съда, парламента
_b351.9
_z351.9
084 _aC 41
100 _9493042
_aCeritli, Ismail
245 _aOmbudsman system in the world and a case study
_bThe Netherland's experiences and Turkey's situation
_cIsmail Ceritli, Abdurrahman Eren, Ayhan Nuri Yilmaz
260 _9493046
_aBartin
_bUniv. Publ.
_c2015
300 _a212 p.
_bill., tabl.
_c24 cm
380 _a3
500 _aBartın Universitesi yayinlari, № 16, № 3
504 _aс. 205-212
650 0 _9280307
_aОмбудсман - Европа
651 7 _9179745
_aХоландия
651 7 _9179691
_aТурция
700 _9493047
_aEren, Abdurrahman
700 _9493048
_aYilmaz, Ayhan Nuri
856 _i0.00
_ldisable
942 _cKNG
_n0
944 _cКети Илиева
_k30550
_lКети Илиева
999 _c511936
_d511936